000
00308nam a22001217a 4500
008
230703b xxu||||| |||| 00| 0 eng d
082
_a
352
_b
KAY
100
_c
J O Kayila
245
_a
Training for local Government Personel
260
_b
kenya Institute of Administrtation
300
_a
90p
942
_2
ddc
_c
BK
999
_c
3171
_d
3171